书目信息 |
| 题名: |
樱花与武士
|
|
| 作者: | 孔祥旭 著 | |
| 分册: | ||
| 出版信息: | 北京 同心出版社 2007 |
|
| 页数: | 20,316页 | |
| 开本: | 24cm | |
| 丛书名: | ||
| 单 册: | ||
| 中图分类: | K313.07 | |
| 科图分类: | ||
| 主题词: | ||
| 电子资源: | ||
| ISBN: | 978-7-80716-580-4 | |
| 000 | 00928nam0 2200241 450 | |
| 001 | 1235034331 | |
| 005 | 20121007094406.17 | |
| 010 | @a978-7-80716-580-4@dCNY36.00 | |
| 100 | @a20080409d2007 em y0chiy50 ea | |
| 101 | 0 | @achi |
| 102 | @aCN@b110000 | |
| 105 | @aab z 000yy | |
| 200 | 1 | @a樱花与武士@Aying hua yu wu shi@e那些决定日本的细节@f孔祥旭著 |
| 210 | @a北京@c同心出版社@d2007 | |
| 215 | @a20,316页@c照片,地图@d24cm | |
| 330 | @a本书对决定现代日本成长轨迹的“先天基因”——风土细节和世间规则,对日本的文化、社会、经济、政治历史等进行了深入剖析和精辟解读,呈现了日本人的文化品格和行为习惯,更揭示了日本人细腻、暧昧、不畏死等表象下顺从而固执,孤立又短视的真实性格。 | |
| 517 | 1 | @a那些决定日本的细节@Ana xie jue ding ri ben de xi jie |
| 607 | @a日本@x研究 | |
| 607 | @a日本 | |
| 690 | @aK313.07@v4 | |
| 701 | 0 | @a孔祥旭@Akong xiang xu@f(196?~)@4著 |
| 801 | 0 | @aCN@bNLC@c20101222 |
| 905 | @a10447@dK313.07@eJY53 | |
| 樱花与武士:那些决定日本的细节/孔祥旭著.-北京:同心出版社,2007 |
| 20,316页:照片,地图;24cm |
| ISBN 978-7-80716-580-4:CNY36.00 |
| 本书对决定现代日本成长轨迹的“先天基因”——风土细节和世间规则,对日本的文化、社会、经济、政治历史等进行了深入剖析和精辟解读,呈现了日本人的文化品格和行为习惯,更揭示了日本人细腻、暧昧、不畏死等表象下顺从而固执,孤立又短视的真实性格。 |
| ● |
| 相关链接 |
|
|
|
|
正题名:樱花与武士
索取号:K313.07/JY53
 
预约/预借
| 序号 | 登录号 | 条形码 | 馆藏地/架位号 | 状态 | 备注 |
| 1 | 7832536 | 278325368 | 学院路分馆/ [索取号:K313.07/JY53] | 在馆 | |
| 2 | 7832537 | 278325377 | 学院路分馆/ [索取号:K313.07/JY53] | 在馆 | |
| 3 | 7832538 | 278325386 | 学院路分馆/ [索取号:K313.07/JY53] | 在馆 |